Tilastot visalle 10 puhutuinta kieltä Yhdysvalloissa

Klikkaa tästä pelataksesi tätä visaa!

Yleistilastot

  • Tätä visaa on pelattu 50 kertaa
  • Keskiarvotulos 8 / 10

Vastaustilastot

Vastaus% Oikein
Englanti
100%
Saksa
100%
Espanja
98%
Ranska
95%
Kiina
91%
Arabia
89%
Venäjä
77%
Korea
55%
Vietnam
41%
Tagalog
30%

Tulosjakauma

Persentiili vastausten määrän mukaan

Jokaisen tuloksen saaneiden osuus

Tuloshistoriasi

Et ole pelannut tätä visaa